Ibn Khaldūn, his life and work / (Record no. 23719)
[ view plain ]
| 000 -LEADER | |
|---|---|
| fixed length control field | 00798cam a22002651 4500 |
| 001 - CONTROL NUMBER | |
| control field | 6586561 |
| 003 - CONTROL NUMBER IDENTIFIER | |
| control field | BDDh-ASL |
| 005 - DATE AND TIME OF LATEST TRANSACTION | |
| control field | 20231015030258.0 |
| 008 - FIXED-LENGTH DATA ELEMENTS--GENERAL INFORMATION | |
| fixed length control field | 760903s1984 ii b 000 0beng |
| 010 ## - LIBRARY OF CONGRESS CONTROL NUMBER | |
| LC control number | sa 65005025 |
| 035 ## - SYSTEM CONTROL NUMBER | |
| System control number | (OCoLC)2412973 |
| 040 ## - CATALOGING SOURCE | |
| Original cataloging agency | DLC |
| Transcribing agency | TxU |
| Modifying agency | DLC |
| -- | BDDh-ASL |
| 041 1# - LANGUAGE CODE | |
| Language code of text/sound track or separate title | engara |
| 042 ## - AUTHENTICATION CODE | |
| Authentication code | premarc |
| 050 00 - LIBRARY OF CONGRESS CALL NUMBER | |
| Classification number | D116.7.I3 |
| Item number | I5 1962 |
| 082 ## - DEWEY DECIMAL CLASSIFICATION NUMBER | |
| Classification number | 921.9 |
| Item number | ENI |
| 100 1# - MAIN ENTRY--PERSONAL NAME | |
| Personal name | Enan, Mohammad Abdulah |
| 9 (RLIN) | 3603 |
| 245 10 - TITLE STATEMENT | |
| Title | Ibn Khaldūn, his life and work / |
| Statement of responsibility, etc. | by Mohammad Abdullah Enan. Translated from the Arabic. |
| 260 ## - PUBLICATION, DISTRIBUTION, ETC. | |
| Place of publication, distribution, etc. | New Delhi: |
| Date of publication, distribution, etc. | 1984. |
| Name of publisher, distributor, etc. | Kitab Bhavan, |
| 300 ## - PHYSICAL DESCRIPTION | |
| Extent | viii, 193 p. : |
| Dimensions | 22 cm. |
| 504 ## - BIBLIOGRAPHY, ETC. NOTE | |
| Bibliography, etc. note | Bibliography: p. [190]-193. |
| 600 00 - SUBJECT ADDED ENTRY--PERSONAL NAME | |
| Personal name | Ibn Khaldūn, |
| Dates associated with a name | 1332-1406. |
| 906 ## - LOCAL DATA ELEMENT F, LDF (RLIN) | |
| a | 7 |
| b | cbc |
| c | oclcrpl |
| d | u |
| e | ncip |
| f | 19 |
| g | y-gencatlg |
| 942 ## - ADDED ENTRY ELEMENTS (KOHA) | |
| Source of classification or shelving scheme | Dewey Decimal Classification |
| Koha item type | Books |
| Withdrawn status | Lost status | Source of classification or shelving scheme | Damaged status | Not for loan | Collection code | Home library | Current library | Shelving location | Date acquired | Source of acquisition | Total Checkouts | Full call number | Barcode | Date last seen | Copy number | Price effective from | Koha item type |
|---|---|---|---|---|---|---|---|---|---|---|---|---|---|---|---|---|---|
| Dewey Decimal Classification | Non-fiction | Asiatic Society Library | Asiatic Society Library | General Stacks | 04/03/2021 | ASB Library Collections | 921.9 ENI | 108228 | 04/03/2021 | C-1 | 04/03/2021 | Books |